000 00702nam a2200253Ia 4500
003 OSt
005 20221005081233.0
006 a|||||r|||| 00| 0
007 ta
008 221004b |||||||| |||| 00| 0 eng d
020 _a8185218315
024 _a41593
037 _cTextual
040 _aCRL
_cCRL
_beng
041 _2eng
_aeng
082 _aO111,3N19:g(Y15), N1
100 _aArora Neena
_924760
245 0 _aNayantara Sehgal and Doris Lessing
_b A feminist study in
260 _aNew Delhi
_bPrestige India
_c1991
300 _a135p
_ccm.
650 _aENGLISH LITERATURE
942 _hO111,3N19:g(Y15), N1
_cTEXL
_2cc
999 _c987387
_d987387